UBT Library

MOSBY MEDICAL NURSING ALLIED HEALTH (Record no. 5411)

000 -LEADER
fixed length control field 00304nam a22001337a 4500
008 - FIXED-LENGTH DATA ELEMENTS--GENERAL INFORMATION
fixed length control field 170214b xxu||||| |||| 00| 0 eng d
020 ## - INTERNATIONAL STANDARD BOOK NUMBER
International Standard Book Number 0815148003
041 ## - LANGUAGE CODE
Language code of text/sound track or separate title eng
080 ## - UNIVERSAL DECIMAL CLASSIFICATION NUMBER
Edition identifier 5ED
Universal Decimal Classification number 618.2
100 ## - Rafti
Rafti 1
101 ## - Shkurtesa
Shkurtesa INF
245 ## - TITLE STATEMENT
Title MOSBY MEDICAL NURSING ALLIED HEALTH
Statement of responsibility, etc ANDERSON
942 ## - ADDED ENTRY ELEMENTS (KOHA)
Source of classification or shelving scheme
Item type Books

No items available.

UBT Library © 2015-2024. All rights reserved University Education for Business and Technology